000 00945nam a2200277Ia 4500
001 Para_1083
003 CHAP
008 220125s1996 xx 000 0 und d
010 _a199827
040 _cCHAP
090 _aPA TESIS 1049
100 _aLara Lara, José Antonio
_964850
245 _aDiagnostico de enfermedades en plantas de tulipan (Tulipa sp.), provenientes de bulbos importados de Holanda, en Xochimilco, D.F., México /
_c por José Antonio Lara Lara
260 _aChapingo, Méx. :
_b El autor
300 _a74 h.
502 _aTesis (Ing. Agr. Esp. en Parasitología Agrícola), UACh. Depto. Parasitología
650 _aTulipan
_x enfermedades
_9164955
710 _aUACh. Departamento Parasitología Agrícola
_9164025
901 _aPA TESIS 1049
902 _aA
905 _a0000001996 0000000000 00
910 _a1996
942 _cPARA
942 _cPARA
_d1
999 _c199827
_d199827